[Event "Lindores Abbey Rapid Challenge-KO"]
[Site "Online"]
[Date "2020.06.03"]
[Round "3.3"]
[White "Nakamura, Hikaru"]
[Black "Dubov, Daniil"]
[Result "0-1"]
[WhiteElo "2829"]
[BlackElo "2770"]
[Annotator "TA"]
[PlyCount "88"]
[EventDate "2020.05.19"]
[EventType "tourn"]
[SourceTitle "playchess.com"]
[Source "ChessBase"]
[SourceQuality "1"]

{[%evp 14,88,8,10,29,10,22,0,0,-10,0,-8,0,0,0,0,0,0,35,35,49,0,23,17,29,29,19,24,17,56,54,20,22,19,33,35,55,1,16,-42,-57,-62,-64,-62,-64,-52,-39,-44,-52,-115,-124,-141,-153,-116,-87,-395,-227,-367,-347,-410,-339,-352,-254,-238,-177,-191,-192,-189,-179,-377,-336,-329,-381,-345,-361,-1519,-1495]} 1. e4 c5 2. Nf3 Nc6 3. Nc3 g6 4. d4 cxd4 5. Nxd4 Bg7 6. Be3 Nf6 7. Bc4 O-O 8. Bb3 Re8 {B35: Sicilian: Accelerated Dragon with 5 Nc3: main line.} 9. Nxc6 dxc6 10. h3 Qc7 {[#] The position is equal.} 11. f4 $146 ({Predecessor:} 11. a4 b6 12. Qf3 e5 13. O-O Be6 14. Rfd1 Nd7 15. Bxe6 Rxe6 16. Nb1 Rd6 17. Rxd6 Qxd6 {½-½ (36) Costa Trillo,V (2362)-Broemme,S (2436) ICCF email 2017}) 11... b5 12. e5 b4 $1 {[%cal Rb4c3]} 13. Na4 Nd5 14. Qf3 Nxe3 15. Qxe3 a5 16. O-O-O Qa7 17. Qe4 Bf5 18. Qc4 Qe3+ 19. Kb1 Be6 20. Qd4 Qxd4 21. Rxd4 Rad8 22. Rhd1 Rxd4 23. Rxd4 Bc8 24. Nb6 c5 25. Rd2 ({Better is} 25. Rc4 $14) 25... g5 $11 26. Rd5 (26. fxg5 $11 Bxe5 27. Rd5) 26... gxf4 $15 27. Rxc5 f3 $1 $36 {[%cal Rf3g2][%mdl 2048] Black is more active.} 28. gxf3 ({Avoid the trap} 28. Rxc8 $2 fxg2 $3 {[%mdl 512]} 29. Rxe8+ Bf8 $19) 28... Bxh3 29. Rxa5 Rd8 {[%cal Rd8d1]} 30. a4 bxa3 $1 31. bxa3 {[#]} (31. Rxa3 $15 Bxe5 32. Ra5) 31... e6 $1 $17 32. Ka2 {[#]} h5 $1 33. Ra4 Bxe5 {aiming for ...Rd1.} 34. Re4 $2 {[%mdl 8192] Now White is beyond hope.} (34. Ra5 $17 {was the crucial defense.} Bg7 35. Rxh5) 34... Bf6 (34... Bg3 $142 {Hoping for ...h4.} 35. Nc4 Bg2) 35. Re1 (35. a4 $142) 35... h4 $19 36. Rg1+ Kf8 37. Nc4 Bf5 38. Rh1 Rd4 39. Ne3 Bg6 40. a4 Bh5 41. a5 $2 (41. Rh3 {was called for.}) 41... Bxf3 42. Rf1 Rf4 {Strongly threatening ...h3.} 43. a6 {Threatens to win with a7.} Bd4 44. Re1 $2 (44. Ng2 Rf5 45. Rxf3 Rxf3 46. Nxh4) 44... Re4 {Accuracy: White = 54%, Black = 79%.} 0-1

[Event "Lindores Abbey Rapid Challenge-KO"]
[Site "Online"]
[Date "2020.06.03"]
[Round "3.3"]
[White "Dubov, Daniil"]
[Black "Nakamura, Hikaru"]
[Result "0-1"]
[WhiteElo "2770"]
[BlackElo "2829"]
[Annotator "TA"]
[PlyCount "106"]
[EventDate "2020.05.19"]
[EventType "tourn"]
[SourceTitle "playchess.com"]
[Source "ChessBase"]
[SourceQuality "1"]

{[%evp 9,106,14,23,-36,-25,-21,-4,-51,-32,-44,-33,-31,0,0,0,0,0,0,0,-13,0,0,0,0,6,-21,-29,-19,-24,-67,-52,-48,-58,-50,-25,-36,-12,-15,-16,-15,-16,-16,0,0,7,0,0,2,13,18,6,-50,-14,-13,0,-108,-102,-102,-102,-104,-104,-105,-103,-211,-211,-211,-208,-205,-192,-204,-203,-186,-199,-304,-291,-295,-291,-318,-318,-283,-300,-293,-268,-254,-251,-241,-236,-318,-300,-851,-838,-1480,-1455,-1385,-1395,-1370,-1281,-4132,-2062]} 1. c4 e5 2. Nc3 Nc6 3. Nf3 f5 4. d4 e4 5. Ng5 Bb4 6. d5 {A27: English Opening: Three Knights Variation.} (6. Nh3 $11) 6... Ne5 7. Qb3 {[#]} Bc5 $146 ({Predecessor:} 7... Be7 8. f4 Ng4 9. h3 N4f6 10. g4 g6 11. Be3 h6 12. Bd4 hxg5 13. fxg5 c5 14. dxc6 dxc6 {0-1 (42) Martinkus,R (2092)-Zickus,S (2335) Lithuania 2018}) 8. Nh3 {The position is equal.} Nf6 9. Na4 $1 {[%cal Ra4c5]} Be7 10. Bf4 Ng6 11. d6 cxd6 12. Nc3 d5 {Strongly threatening ...d4.} 13. e3 O-O 14. Rd1 d6 15. Be2 h6 $36 {[%mdl 2048] Black fights for an advantage.} 16. O-O Be6 17. Nxd5 Bxd5 18. cxd5 Qb6 19. Rc1 Qxb3 20. axb3 Rfc8 21. Rc4 Nd7 (21... Nxd5 $6 22. Rxc8+ Rxc8 23. Bc4 $14) 22. Rfc1 Nb6 (22... Rxc4 {is interesting.} 23. bxc4 a5 24. Bh5 Kh7 25. g4 Nf6) 23. Rxc8+ Rxc8 24. Rxc8+ Nxc8 25. g4 fxg4 26. Bxg4 Nb6 27. Bg3 Nh4 28. Nf4 Nf3+ 29. Kg2 Nd2 $1 30. Bf5 ({White should play} 30. Ne2 $11) 30... Nxb3 31. Bxe4 Nc4 32. Nd3 {[#]} (32. Bc2 $11 Nc1 33. b4) 32... a5 $1 $17 {Black keeps a firm grip on the game.} 33. Bf3 b5 34. Bd1 {[#]} Nbd2 $1 35. b3 Nb6 36. Nf4 (36. Bc2 $17) 36... a4 $19 37. bxa4 bxa4 {Threatens to win with ...a3.} 38. Nd3 a3 {Hoping for ...a2.} 39. Nb4 {[#]} Nxd5 $1 {[%mdl 512]} 40. Na2 (40. Nxd5 a2 $19) 40... Kf8 41. Ba4 (41. Bc2 {might work better.}) 41... Ne4 42. Bb3 Ndc3 43. Nb4 Nd2 44. Be6 d5 45. Nc2 Nc4 46. e4 a2 ({Don't play} 46... Nxe4 47. Bxd5 Nxg3 48. fxg3 $17) 47. exd5 Bd6 48. Kf3 {If White can now play Bxd6+ this consolidates a bit.} Ke7 49. Bf5 $2 (49. Na1) 49... Nb5 {Black is clearly winning.} 50. Bd3 {[#]} Nd4+ $1 {[%mdl 576] Deflection, Promotion} 51. Nxd4 a1=Q 52. Nf5+ Kf6 53. Bxc4 Bxg3 {Accuracy: White = 64%, Black = 95%.} 0-1

[Event "Lindores Abbey Rapid Challenge-KO"]
[Site "Online"]
[Date "2020.06.01"]
[Round "3.3"]
[White "Dubov, Daniil"]
[Black "Nakamura, Hikaru"]
[Result "1-0"]
[WhiteElo "2770"]
[BlackElo "2829"]
[Annotator "TA"]
[PlyCount "87"]
[EventDate "2020.05.19"]
[EventType "tourn"]
[SourceTitle "playchess.com"]
[Source "ChessBase"]
[SourceQuality "1"]

{[%evp 19,87,7,11,19,22,16,7,7,16,18,12,18,12,0,39,38,61,73,81,75,75,83,75,65,69,36,93,80,59,43,43,43,43,43,43,43,42,37,87,89,125,86,122,91,124,108,99,109,117,116,191,155,359,363,353,346,1245,1218,1985,1886,11223,11223,9729,10391,6095,5949,11223,11223,11249,11223]} 1. c4 e5 2. Nc3 Nf6 3. Nf3 Nc6 4. g3 d5 5. cxd5 Nxd5 6. Bg2 Nb6 7. O-O Be7 8. a3 O-O 9. b4 {[%cal Bb2b4,Bb4b5][%mdl 32]} Be6 10. Rb1 f6 11. b5 {A29: English Opening: Four Knights Variation with 4 g3.} Nd4 12. e3 Nxf3+ 13. Bxf3 {The position is equal.} Rb8 14. d4 exd4 15. exd4 Qd7 16. Re1 Rfe8 17. a4 {[%cal Ba3a4,Ba4a5][%mdl 32] Hoping for Rxe6!} Bf7 18. a5 Nd5 19. Nxd5 $1 Bxd5 20. Bf4 Rbc8 21. Bg4 f5 {[#]} 22. Bh5 $146 ({Predecessor:} 22. Bf3 Bf6 23. Be5 Bxe5 24. dxe5 Rcd8 25. Bxd5+ Qxd5 26. Qc2 Qf7 27. a6 b6 28. Qc6 {1-0 (40) Gelfand,B (2737)-Edouard,R (2607) Heraklion 2017}) 22... Red8 (22... g6 $14 23. Bf3 Bf6) 23. Bf3 $16 {aiming for Bxd5+.} Bf8 24. Be5 b6 25. axb6 cxb6 26. Bxd5+ Qxd5 27. Qa4 Rd7 28. Rbc1 Rcd8 {[#]} 29. Rc6 $1 f4 30. gxf4 ({Resist} 30. Bxf4 $6 Qxd4 31. Qxd4 Rxd4 $14) 30... Bd6 31. Qc4 Qxc4 32. Rxc4 Bxe5 33. dxe5 {[%mdl 4096] Endgame KRR-KRR} Rd4 34. Rec1 h5 (34... Rxc4 $16 {was worth a try.} 35. Rxc4 Rd5) 35. Kg2 $18 Kh7 $2 {This move loses the game for Black.} (35... Rxc4 $16 36. Rxc4 Rd5) 36. Rxd4 Rxd4 {KR-KR} 37. Kf3 Rd5 $2 (37... Kg6 38. Rg1+ Kf7) 38. e6 {Threatening mate with e7.White is clearly winning.} Kg6 39. Re1 {Intending e7 and mate.} Rd8 40. e7 Re8 41. Re5 Kf6 {[#]} 42. Ke4 $1 {[%cal Re4d5]} Rxe7 43. Rxe7 Kxe7 44. Kf5 {Accuracy: White = 96%, Black = 47%.} 1-0

[Event "Lindores Abbey Rapid Challenge-KO"]
[Site "Online"]
[Date "2020.06.03"]
[Round "3.4"]
[White "Nakamura, Hikaru"]
[Black "Dubov, Daniil"]
[Result "1/2-1/2"]
[WhiteElo "2829"]
[BlackElo "2770"]
[Annotator "TA"]
[PlyCount "78"]
[EventDate "2020.05.19"]
[EventType "tourn"]
[SourceTitle "playchess.com"]
[Source "ChessBase"]
[SourceQuality "1"]

{[%evp 14,78,7,15,42,13,22,0,13,0,16,13,44,55,22,-25,-9,-25,-23,-20,-18,-25,-13,-19,-20,-20,-2,-36,-28,-45,-45,-46,-42,-48,-21,-30,-24,-28,-29,-19,0,0,0,0,0,0,0,0,0,0,0,-9,0,0,0,0,0,0,0,0,0,0,0,0,0,0,0]} 1. e4 c5 2. Nf3 Nc6 3. Nc3 g6 4. d4 cxd4 5. Nxd4 Bg7 6. Be3 Nf6 7. Bc4 O-O 8. Bb3 Re8 {B35: Sicilian: Accelerated Dragon with 5 Nc3: main line.} 9. Nxc6 (9. f4 $5 {[%cal Re4e5]}) 9... dxc6 10. h3 Qc7 {[#]} 11. f4 $146 ({Predecessor:} 11. a4 b6 12. Qf3 e5 13. O-O Be6 14. Rfd1 Nd7 15. Bxe6 Rxe6 16. Nb1 Rd6 17. Rxd6 Qxd6 {½-½ (36) Costa Trillo,V (2362)-Broemme,S (2436) ICCF email 2017}) 11... Rd8 12. Qf3 c5 13. e5 c4 $1 14. exf6 Bxf6 15. Ba4 Qa5 16. O-O {[#] Hoping for Rad1.} Bxc3 17. bxc3 {aiming for Rad1.} Qxa4 18. Bd4 Qc6 19. Qe3 Bf5 20. Qe5 {[%csl Gd4][%cal Re5h8] [#]} Qf6 {White must now prevent ...Qxe5.} 21. Qxf6 exf6 22. Bxf6 Rd6 23. Be5 Re6 24. Rf2 f6 25. Bd4 h5 26. a4 Rae8 {The position is equal.} 27. Bxa7 Re1+ 28. Rxe1 Rxe1+ 29. Rf1 Rxf1+ 30. Kxf1 Bxc2 $11 {[%mdl 4096] Endgame KB-KB} 31. a5 Kf7 32. h4 f5 33. g3 Ke6 34. Kf2 Kd5 35. Ke3 Be4 36. Bb6 Bb1 37. Ba7 Be4 38. Bd4 Bb1 39. Ba7 Be4 {Accuracy: White = 88%, Black = 88%.} 1/2-1/2

[Event "Lindores Abbey Rapid Challenge-KO"]
[Site "Online"]
[Date "2020.06.01"]
[Round "3.4"]
[White "Nakamura, Hikaru"]
[Black "Dubov, Daniil"]
[Result "1/2-1/2"]
[WhiteElo "2829"]
[BlackElo "2770"]
[Annotator "TA"]
[PlyCount "89"]
[EventDate "2020.05.19"]
[EventType "tourn"]
[SourceTitle "playchess.com"]
[Source "ChessBase"]
[SourceQuality "1"]

{[%evp 16,89,8,0,0,0,8,0,0,3,0,0,0,-7,-7,-4,-2,-5,-3,-5,0,-7,-12,-6,0,0,0,-14,0,-14,-18,-18,-17,-11,-11,-11,-14,-17,0,-1,25,0,0,0,0,0,0,0,0,0,0,0,0,0,28,30,43,50,58,10,22,8,8,0,8,8,8,8,8,8,8,8,8,8,8,8]} 1. e4 c5 2. Nf3 d6 3. Bb5+ Bd7 4. Bxd7+ Nxd7 5. O-O Ngf6 6. Re1 e6 7. c3 Be7 8. d4 O-O $1 {[%mdl 4] outshines the older 8...cxd4.} 9. e5 Ne8 {B52: Sicilian: Moscow Variation with 3...Bd7.} 10. exd6 Bxd6 {[#]} 11. Nbd2 $146 ({Predecessor:} 11. Bg5 Nef6 12. Na3 Be7 13. Nc4 Rc8 {½-½ (13) Adams,M (2736)-Grischuk,A (2761) Geneva 2017}) 11... Nef6 12. Qe2 Qc7 13. Nc4 Be7 14. Bg5 cxd4 15. Nxd4 Rac8 16. Ne3 Rfe8 17. Rad1 a6 18. Bh4 b5 19. a3 Qb7 20. Nf3 h6 21. Bg3 Ne4 22. Nf1 Nxg3 23. Nxg3 Nb6 24. Ne5 Red8 25. Nh5 {[#] aiming for Nxf7!} Rxd1 26. Qxd1 {Hoping for Qg4!} Nd5 27. Qg4 $132 {[%csl Gh5][%cal Rg4g7][%mdl 2048] White is not holding back} Bg5 28. h4 Bf6 29. Nd3 Qe7 30. Nb4 Nxb4 31. axb4 g6 32. Nxf6+ Qxf6 $11 {[%mdl 4096] Endgame KQR-KQR} 33. g3 Kg7 34. Rd1 Rc4 35. Qe2 g5 36. hxg5 hxg5 37. Kg2 g4 {The position is equal.} 38. Qe3 Qf5 39. Rh1 {[#] Intending Qh6+ and mate.} Qe4+ (39... Qd5+ {seems wilder.} 40. f3 Kf6 41. Rf1 Kg7 42. Qe2 Qh5) 40. Qxe4 Rxe4 41. Ra1 Re2 42. Rxa6 Rxb2 43. Rb6 Rc2 44. Rxb5 Rxc3 45. Rg5+ {Accuracy: White = 93%, Black = 94%.} 1/2-1/2

[Event "Lindores Abbey Rapid Challenge-KO"]
[Site "Online"]
[Date "2020.06.03"]
[Round "3.5"]
[White "Dubov, Daniil"]
[Black "Nakamura, Hikaru"]
[Result "1-0"]
[WhiteElo "2770"]
[BlackElo "2829"]
[Annotator "TA"]
[PlyCount "89"]
[EventDate "2020.05.19"]
[EventType "tourn"]
[SourceTitle "playchess.com"]
[Source "ChessBase"]
[SourceQuality "1"]

{[%evp 13,89,-9,27,0,18,-6,54,62,62,70,56,70,325,335,454,360,369,370,370,372,571,554,524,497,702,697,662,695,677,683,718,481,434,376,665,632,688,446,441,448,488,488,500,471,435,293,304,235,627,610,644,649,630,620,685,735,692,501,757,517,971,956,2735,2871,2337,2303,2137,1874,1995,1988,6391,1278,29976,29977,29975,29975,6423,6195]} 1. e4 e5 2. Nc3 Nc6 3. g3 Bc5 4. Bg2 Nf6 5. Nge2 d6 6. d3 a6 7. O-O Be6 8. h3 {C26: Vienna Game: 2...Nf6, sidelines .} h6 9. Kh2 d5 (9... Bd7 $11) 10. exd5 $1 $14 {White is slightly better.} Nxd5 11. f4 exf4 {[#]} 12. Bxd5 $5 $146 {[%mdl 8] An interesting novelty.} ({Predecessor:} 12. Nxf4 Nxf4 13. Bxf4 Qd7 14. a3 O-O-O 15. Ne4 Bb6 16. b4 Qe7 17. Bd2 f5 18. Nf2 {0-1 (26) Scheerer,C (2416)-Fridman,D (2571) ICC INT 2002}) 12... Bxd5 $4 {[%mdl 8192]} (12... fxg3+ $14 13. Nxg3 Bxd5) 13. Nxf4 $18 Ne7 14. Qh5 (14. Ncxd5 Nxd5 15. Nh5 O-O $18) 14... c6 {If Black can now play ...0-0 this consolidates a bit.} 15. Ncxd5 ({But not} 15. Nfxd5 cxd5 16. Qxf7+ Kd7 $18) 15... cxd5 16. Ne6 $1 {[%cal Re6d8][%mdl 64] Double Attack} Qd6 (16... g6 {was worth a try.}) 17. Nxg7+ Kd7 18. Rxf7 Raf8 (18... Rhf8 $142 19. Bf4 Rxf7 20. Qg4+ (20. Qxf7 Qg6 $18) 20... Kc7) 19. Bf4 Rxf7 20. Bxd6 Rf2+ 21. Kh1 Bxd6 22. Re1 Rhf8 23. Qg4+ Kc6 $2 (23... Nf5 24. Kg1 h5 25. Qa4+ (25. Qxh5 Ne3 $11) 25... b5 26. Qxa6 Nxg7 27. Qxb5+ Kc8 28. Qc6+ Bc7 29. Qa8+ Kd7 30. Qxd5+ Kc8 31. Qa8+ Kd7) 24. Ne6 R8f6 25. Nd4+ Kb6 26. Re2 Rf1+ {[#]} 27. Kg2 $1 Nc6 28. Nxc6 bxc6 29. c3 R1f5 30. b4 Kb7 $2 (30... h5 31. Qd4+ Kb7) 31. Qg7+ Rf7 32. Qxh6 Bc7 33. Qe3 Bb6 34. d4 Bc7 35. h4 a5 (35... Rg7 $142 36. Kh3 Rxg3+ 37. Qxg3 Bxg3 38. Kxg3 Kc8) 36. a3 a4 (36... axb4 $142 37. cxb4 Rg7) 37. Qd3 Rf1 38. b5 R1f6 39. bxc6+ Kxc6 40. Qa6+ Bb6 41. Qxa4+ Kb7 42. Qe8 {Re7+ is the strong threat.} Rf8 43. Re7+ Bc7 44. Qb5+ {[%mdl 64] Double Attack} Rb6 {[#]} 45. Rxc7+ $1 {White took control after the opening. Accuracy: White = 65%, Black = 32%.} 1-0